Quartieri di Bergamo - Statistics

Statistiche generali
  • Questo quiz è stato fatto 151 volte
  • Il punteggio medio è 13 su 25
Statistiche sulle risposte
Risposta % Corretto
Città Alta
86%
Borgo Palazzo
80%
Monterosso
76%
Borgo Santa Caterina
70%
Loreto
70%
Longuelo
68%
Redona
67%
Colognola
65%
Malpensata
60%
Valtesse
59%
Celadina
58%
Campagnola
55%
Villaggio degli Sposi
54%
Santa Lucia
53%
Boccaleone
49%
Valverde
47%
Pignolo
43%
Sant'Alessandro
41%
San Paolo
38%
Colli
32%
Grumello del Piano
26%
Conca Fiorita
24%
Carnovali
21%
Papa Giovanni XXIII
20%
San Tomaso de' Calvi
19%
Nessun quiz corrispondente trovato
Distribuzione punteggi
Percentuale di utenti per punteggio
Percentile per numero di risposta
I tuoi punteggi nel tempo
Non hai fatto questo quiz